Spiritualities of resistance : Essays in Honour of Hubert Manohar Watson (Record no. 23295)

MARC details
000 -LEADER
fixed length control field 00323cam a22001215i 4500
020 ## - INTERNATIONAL STANDARD BOOK NUMBER
ISBN 9789390569199
082 ## - DEWEY DECIMAL CLASSIFICATION NUMBER
Classification number 248 KUM
100 ## - MAIN ENTRY--AUTHOR NAME
Author name Anilkumar, Fredric, ed
245 00 - TITLE STATEMENT
Title Spiritualities of resistance : Essays in Honour of Hubert Manohar Watson
260 ## - PUBLICATION, DISTRIBUTION, ETC. (IMPRINT)
Place of publication Delhi
Name of publisher ISPCK
Year of publication 2021
300 ## - PHYSICAL DESCRIPTION
Number of Pages lvii, 266 pages
942 ## - ADDED ENTRY ELEMENTS (KOHA)
Koha item type Books
Holdings
Home library Current library Shelving location Date acquired Source of acquisition Cost, normal purchase price Full call number Accession Number Koha item type
Henry Martyn Institute Library Henry Martyn Institute Library General stacks 12/20/2022 Director 395.00 248 KUM 11004644 Books
                   Copyright © 2026 | Henry Martyn Institute | Hyderabad | TS-500052 | INDIA | Implemented by hmi.edu.in
Hit-Count:

Powered by Koha